| 000 | 00714nac a22002171u 4500 | ||
|---|---|---|---|
| 010 | _a 2006931096 | ||
| 020 | _a0750680377 : | ||
| 020 | _a9780750680370 : | ||
| 082 |
_a629.231 21 _bNUN |
||
| 090 |
_c8336 _d8336 |
||
| 100 | _aNunney, M J. | ||
| 245 | 1 | 0 |
_aLight and heavy vehicle technology / _cM. J Nunney. |
| 250 | _a4th ed. | ||
| 260 |
_aLondon : _bElsevier,2007. _c2007. |
||
| 300 |
_axii, 671 p. _c27 cm. |
||
| 500 | _aDistributer: Al-Ahram | ||
| 500 | _aIncludes index. | ||
| 511 | _aCatalogued by: Sara | ||
| 650 | _aMotor vehicles--Design and construction. | ||
| 942 |
_cBB _k629.231 21NUN |
||
| 999 |
_c8336 _d8336 |
||